オールザッツ漫才の優勝・準優勝 - Statistics

General Stats
  • This quiz has been taken 41 times
    28 since last reset
  • The average score is 13 of 52
Answer Stats
% Correct
笑い飯
74%
見取り図
65%
麒麟
65%
麒麟
65%
粗品
57%
和牛
52%
からし蓮根
43%
からし蓮根
43%
からし蓮根
43%
ジャルジャル
39%
ジャルジャル
39%
さや香
39%
とろサーモン
35%
ロングコートダディ
35%
とろサーモン
35%
カベポスター
30%
ケンドーコバヤシ
26%
モンスターエンジン
26%
アインシュタイン
26%
アインシュタイン
26%
ビスケットブラザーズ
26%
セルライトスパ
26%
シャンプーハット
22%
クロスバー直撃
22%
クロスバー直撃
22%
プラスマイナス
22%
クロスバー直撃
22%
クロスバー直撃
22%
クロスバー直撃
22%
藤崎マーケット
17%
藤崎マーケット
17%
藤崎マーケット
17%
デルマパンゲ
17%
今井らいぱち
13%
ヘンダーソン
13%
イノシカチョウ
13%
ドレス
13%
マユリカ
13%
ダブルアート
13%
2700
13%
2700
13%
友近
9%
ストリーク
9%
令和喜多みな実
9%
ビリジアン
9%
友近
9%
バンビーノ
9%
スミス夫人
4%
尼神インター
4%
大自然
4%
ソマオ・ミートボール
4%
ソマオ・ミートボール
4%
No matching quizzes found
Score Distribution
Percent of People with Each Score
Percentile by Number Answered
Your Score History
You have not taken this quiz since the last reset